Central Library OPAC University of Rajshahi

Bertrand russells philosophy of perception / (Record no. 31647)

MARC details
000 -LEADER
fixed length control field 00618 am a2200217 a 4500
001 - CONTROL NUMBER
control field 31647
003 - CONTROL NUMBER IDENTIFIER
rucl marc code BD-RjUL
005 - DATE AND TIME OF LATEST TRANSACTION
control field 20211209051729.0
008 - FIXED-LENGTH DATA ELEMENTS--GENERAL INFORMATION
fixed length control field 161211s1984 ii b 001 0 eng d
035 ## - SYSTEM CONTROL NUMBER
System control number (BD-RjUL) 31735
040 ## - CATALOGING SOURCE
Original cataloging agency DLC
Transcribing agency DLC
Language of cataloging eng
Modifying agency BD-RjUL
041 ## - LANGUAGE CODE
Language code of text/sound track or separate title eng
082 ## - DEWEY DECIMAL CLASSIFICATION NUMBER
Classification number 153.7
Author mark and year HAB 1984
Edition number 23
100 1# - MAIN ENTRY--PERSONAL NAME
Personal name Haq, Jalalul.
9 (RLIN) 96303
245 10 - TITLE STATEMENT
Title Bertrand russells philosophy of perception /
Statement of responsibility, etc. Jalalul Haq.
260 ## - PUBLICATION, DISTRIBUTION, ETC. (IMPRINT)
Place of publication, distribution, etc. New Delhi :
Name of publisher, distributor, etc. Bharatiya Vidya Prakashan,
Date of publication, distribution, etc. 1984.
300 ## - PHYSICAL DESCRIPTION
Pagination vii, , 172 p. ;
Size 21 cm.
504 ## - BIBLIOGRAPHY, ETC. NOTE
Bibliography, etc Includes bibliographical
650 ## - SUBJECT ADDED ENTRY--TOPICAL TERM
Topical term or geographic name as entry element Perception.
9 (RLIN) 96304
942 ## - ADDED ENTRY ELEMENTS (KOHA)
Source of classification or shelving scheme Dewey Decimal Classification
Koha item type Books
Holdings
Lost status Source of classification or shelving scheme Damaged status Not for loan Collection code Permanent Location Current Location Shelving location Date acquired Source of acquisition Cost, normal purchase price Total Checkouts Full call number Date last seen Copy number Koha item type
  Dewey Decimal Classification     Non-fiction Central Library, University of Rajshahi Central Library, University of Rajshahi   26/06/1986 Karim Int. 80.00   153.7 HAB 1984 21/04/2014 C-2 Books
  Dewey Decimal Classification     Non-fiction Central Library, University of Rajshahi Central Library, University of Rajshahi   26/06/1986 Karim international 80.00   153.7 HAB 1984 24/04/2014 C-3 Books
  Dewey Decimal Classification     Non-fiction Central Library, University of Rajshahi Central Library, University of Rajshahi   26/06/1986 Karim international 80.00   153.7 HAB 1984 24/04/2014 C-4 Books
  Dewey Decimal Classification     Non-fiction Central Library, University of Rajshahi Central Library, University of Rajshahi   26/06/1986 Karim international 80.00   153.7 HAB 1984 24/04/2014 C-5 Books
  Dewey Decimal Classification   Not For Loan Non-fiction Central Library, University of Rajshahi Central Library, University of Rajshahi Reading Room 26/06/1986 Karim Int. 80.00   153.7 HAB 1984 01/12/2016 C-1 Books